La fantasía lúdica del Alvaro Cunqueiro / (Record no. 54028)

MARC details
000 -LEADER
campo de control de longitud fija 00839nam a22002651i 4500
001 - NÚMERO DE CONTROL
campo de control 54028
003 - IDENTIFICADOR DE NÚMERO DE CONTROL
campo de control ES-MaACL
005 - FECHA Y HORA DE LA ÚLTIMA TRANSACCIÓN
campo de control 20240420063023.0
007 - CAMPO FIJO DE DESCRIPCIÓN FÍSICA--INFORMACIÓN GENERAL
campo de control de longitud fija t|
008 - DATOS DE LONGITUD FIJA--INFORMACIÓN GENERAL
campo de control de longitud fija 031121s1980 sp ||||0| spa d
016 7# - NÚMERO DE CONTROL DE UNA AGENCIA BIBLIOGRÁFICA NACIONAL
Número de control cancelado/no válido IND9300571002
020 ## - NÚMERO INTERNACIONAL ESTÁNDAR DEL LIBRO
Número Internacional Estándar del Libro 84-7492-027-2
040 ## - FUENTE DE CATALOGACIÓN
Centro catalogador/agencia de origen M-BN
Lengua de catalogación spa
Centro/agencia transcriptor A2
080 ## - NÚMERO DE LA CLASIFICACIÓN DECIMAL UNIVERSAL
Número de la Clasificación Decimal Universal 860 Cunqueiro, Alvaro 1.06
100 0# - ENTRADA PRINCIPAL--NOMBRE DE PERSONA
Nombre de persona Martínez Torrón, Diego,
Fechas asociadas al nombre 1950-
9 (RLIN) 78451
245 13 - MENCIÓN DEL TÍTULO
Título La fantasía lúdica del Alvaro Cunqueiro /
Mención de responsabilidad, etc. [por] Diego Martínez Torron.
260 ## - PUBLICACIÓN, DISTRIBUCIÓN, ETC.
Lugar de publicación, distribución, etc. [La Coruña :
Nombre del editor, distribuidor, etc. Edic. Do Castro],
Fecha de publicación, distribución, etc. imp. 1980.
300 ## - DESCRIPCIÓN FÍSICA
Extensión 179 p ;
Dimensiones 19 cm.
490 1# - MENCIÓN DE SERIE
Mención de serie Ensayo
504 ## - NOTA DE BIBLIOGRAFÍA, ETC.
Nota de bibliografía, etc. Bibliografía: p. 173-179.
600 14 - PUNTO DE ACCESO ADICIONAL DE MATERIA--NOMBRE DE PERSONA
Nombre de persona Cunqueiro, Álvaro,
Fechas asociadas al nombre 1911-1981-
Subdivisión general Crítica e interpretación
9 (RLIN) 42189
830 0# - PUNTO DE ACCESO ADICIONAL DE SERIE-TÍTULO UNIFORME
Título uniforme Ensayo
9 (RLIN) 177699
852 ## - LOCALIZACIÓN
Ubicación ES-MaACL
Número de control de estantería L-26682
Sublocalización o colección R.132271
Holdings
Estatus retirado Estado de pérdida Estado de daño No para préstamo Biblioteca de origen Biblioteca actual Ubicación en estantería Fecha de adquisición Fuente de adquisición Total de préstamos Signatura topográfica completa Código de barras Visto por última vez Precio de reemplazo Tipo de ítem Koha
        Biblioteca del Ateneo de Madrid Biblioteca del Ateneo de Madrid Depósito 2 17/01/2008     L-26682 1056782 23/02/2023 23/02/2023 Libro impreso